| 000 | 01285nam a22002895a 4500 | ||
|---|---|---|---|
| 003 | OSt | ||
| 005 | 20170325104454.0 | ||
| 008 | 170209s1997 ua frb 000 0 ara d | ||
| 015 | _a1997 / 5704 | ||
| 020 | _a9771934546 | ||
| 040 |
_aEG-ScBUE _bara _cEG-ScBUE _dEG-ScBUE |
||
| 043 | _af-ua--- | ||
| 082 | 0 | 4 |
_a346.62 _bس ن هـ _222 |
| 100 | 1 | _aسنهوري، عبد الرزاق أحمد. | |
| 245 | 1 | 2 |
_aالوجيز في شرح القانون المدني / _cعبد الرزاق أحمد السنهوري ؛ قام بتنقيحها وإضافة ما جد من تشريع وقضاء وفقه مصطفى محمد الفقي. |
| 250 | _aط. 2. | ||
| 260 |
_aالقاهرة : _bدار النهضة العربية، _c1997. |
||
| 300 |
_aمج. 1. ؛ _c24 سم. |
||
| 504 | _aيشتمل على إرجاعات ببليوجرافية. | ||
| 505 | 2 | _aمج. 1. نظرية الالتزام بوجه عام : المصادر - الإثبات - الآثار - الأوصاف - الانتقال - الانقضاء. | |
| 650 | 7 |
_aالقانون المدني _zمصر. _2BUEsh |
|
| 650 | 7 |
_aالالتزامات _xقوانين وتشريعات _zمصر. _2BUEsh |
|
| 651 | _2BUEsh | ||
| 653 |
_bLLAAWW _cFebruary2017 |
||
| 700 | 1 |
_aفقي، مصطفى محمد، _eمنقح. |
|
| 942 | _2ddc | ||
| 999 |
_c24109 _d24081 |
||